| 000 | 00625cam a2200193 4500 | ||
|---|---|---|---|
| 001 | BUCI008247 | ||
| 008 | s1978 mx gr spa | ||
| 035 | _aBUCI008247 | ||
| 100 | 1 | _aChávez Orozco, Luis | |
| 245 | 3 |
_aLa Situación del minero asalariado en la Nueva España a fines del siglo XVIII /; _cSelección de libros por Luis Chávez Orozco. |
|
| 250 | _a2a ed. | ||
| 260 |
_aMéxico : _bCEHSMO, _c1978 |
||
| 300 |
_a103 p. ; _c16 cm. |
||
| 440 | 0 |
_aCuadernos obreros, _vno. 19 |
|
| 650 | 1 | 0 | _aMinas y riquezas minerales |
| 700 | 1 | _aChávez Orozco, Luis,sel. | |
| 942 |
_2lcc _cLIB |
||
| 999 |
_c87339 _d87339 |
||